Focus sur: Susan Bones - Harry Potter - Statistiques

Statistiques générales
  • Ce quiz a été pris 117 fois
  • Le résultat moyen est 5 sur 6
Statistiques - réponses
Informations recherchées Réponses % Correct
Lieu de rencontre avec Harry Potter Poudlard
97%
Ecole fréquentée Poudlard
97%
Maison fréquentée Poufsouffle
97%
Statut du sang Sang-Mêlé
97%
Première apparition Harry Potter à l'école des sorciers
88%
Actrice l'interprétant dans les films Eleanor Columbus
22%
Aucun quiz correspondant
Distribution des résultats
% des personnes avec chaque résultat
Percentile par nombre de réponses
Votre historique - résultats
Vous n’avez pas pris ce quiz